| 000 | nam a22 7a 4500 | ||
|---|---|---|---|
| 999 |
_c173094 _d173094 |
||
| 003 | Nust | ||
| 005 | 20170118132014.0 | ||
| 008 | 170118b xxu||||| |||| 00| 0 eng d | ||
| 040 | _c0 | ||
| 082 | _a352.380285 | ||
| 100 | _4J. Satyanarayana | ||
| 245 |
_ae-Government _bthe science of the possible _cJ. Satyanarayana |
||
| 260 |
_aNew Delhi _bPHI learning _c2004 |
||
| 300 | _a298p | ||
| 942 |
_2ddc _cBK |
||